[Event "ICS rated blitz match"]
[Site "204.178.125.65"]
[Date "1999.09.11"]
[Round "?"]
[White "toothfairy"]
[Black "Hossa"]
[Result "0-1"]
[WhiteElo "2113"]
[BlackElo "2454"]
[PlyCount "62"]
[EventDate "1999.??.??"]

1. e4 c5 2. c4 Nc6 3. Nf3 e5 4. d3 Be7 5. Be2 Nf6 6. O-O O-O 7. Bg5 d6 8. Bxf6
Bxf6 9. Nc3 g6 10. Ne1 Bg5 11. Bg4 f5 12. Bh3 Nd4 13. Nd5 Be6 14. Nc2 Bxd5 15.
cxd5 fxe4 16. dxe4 Rf6 17. Nxd4 cxd4 18. Qb3 Qe7 19. Be6+ Kh8 20. Rad1 Raf8 21.
f3 Be3+ 22. Kh1 a6 23. Qd3 Qc7 24. b4 Rf4 25. a4 Qd8 26. b5 Qa5 27. bxa6 bxa6
28. Rb1 Rh4 29. Rb7 Bf4 30. Bh3 Qxa4 31. Rb6 31... Rxh3 {toothfairy resigns}
0-1

[Event "ICS rated blitz match"]
[Site "204.178.125.65"]
[Date "1999.09.13"]
[Round "?"]
[White "toothfairy"]
[Black "Hossa"]
[Result "0-1"]
[WhiteElo "2116"]
[BlackElo "2401"]
[PlyCount "76"]
[EventDate "1999.??.??"]

1. e4 e6 2. d4 d5 3. exd5 exd5 4. Bd3 Nf6 5. h3 c5 6. dxc5 Bxc5 7. Nf3 O-O 8.
O-O Re8 9. Nbd2 Nc6 10. Nb3 Bb4 11. c3 Be7 12. Bg5 Bd7 13. Re1 Ne4 14. Bxe7
Rxe7 15. Qc2 Qc8 16. Nfd4 Nxd4 17. Nxd4 Qe8 18. f3 Nf6 19. Kf2 Re5 20. Rxe5
Qxe5 21. Re1 Qh2 22. Kf1 Rc8 23. Qf2 a6 24. Qg1 Qf4 25. Qe3 Qg3 26. Qf2 Qb8 27.
Kg1 Re8 28. Rxe8+ Qxe8 29. Qe2 Qxe2 30. Bxe2 h5 31. h4 Kf8 32. Kf2 a5 33. Ke3
b6 34. a3 Ke7 35. g3 g6 36. Bd1 Kd6 37. Bb3 a4 38. Ne2 38... axb3 {
toothfairy resigns} 0-1

[Event "ICS rated blitz match"]
[Site "204.178.125.65"]
[Date "1999.09.13"]
[Round "?"]
[White "toothfairy"]
[Black "Hossa"]
[Result "1/2-1/2"]
[WhiteElo "2111"]
[BlackElo "2406"]
[PlyCount "129"]
[EventDate "1999.??.??"]

1. e4 e6 2. d4 d5 3. exd5 exd5 4. Bd3 Nf6 5. Bf4 c5 6. dxc5 Bxc5 7. Nf3 O-O 8.
O-O Bg4 9. Nbd2 Re8 10. c3 Nbd7 11. h3 Bh5 12. Qc2 Qb6 13. a3 Rac8 14. Qb3 Qxb3
15. Nxb3 Bxf3 16. gxf3 Bf8 17. Rae1 Be7 18. Bg5 h6 19. Bh4 Bf8 20. Bb5 g5 21.
Bg3 Rxe1 22. Rxe1 Nc5 23. Nxc5 Rxc5 24. Bd3 Rc6 25. f4 g4 26. h4 h5 27. Kg2
Bxa3 28. bxa3 Rxc3 29. Be2 d4 30. f3 d3 31. Bd1 d2 32. Rf1 Nd5 33. Kf2 Ne3 34.
Rh1 Nxd1+ 35. Rxd1 Rxf3+ 36. Kg2 Rd3 37. Bf2 b6 38. Kf1 Kh7 39. Ke2 Rxa3 40.
Rxd2 Kg6 41. Rd5 Ra2+ 42. Kf1 Ra1+ 43. Kg2 f5 44. Rd6+ Kh7 45. Rf6 Ra5 46. Bd4
Rd5 47. Be5 Rd2+ 48. Kg1 Rd1+ 49. Kf2 Rh1 50. Rxf5 Rxh4 51. Rf7+ Kg6 52. Rxa7
Rh3 53. Ra6 Rb3 54. Bc7 Kf5 55. Rxb6 Rxb6 56. Bxb6 Kxf4 57. Bc7+ Kg5 58. Bd8+
Kg6 59. Kg3 Kg7 60. Kh4 Kh6 61. Bg5+ Kg6 62. Bf4 Kf5 63. Bg3 Ke4 64. Kxh5 Kd5
65. Kxg4 {Game drawn because neither player has mating material} 1/2-1/2

[Event "ICS rated blitz match"]
[Site "204.178.125.65"]
[Date "1999.09.12"]
[Round "?"]
[White "toothfairy"]
[Black "Hossa"]
[Result "0-1"]
[WhiteElo "2145"]
[BlackElo "2457"]
[PlyCount "114"]
[EventDate "1999.??.??"]

1. e4 e6 2. d4 d5 3. exd5 exd5 4. Bd3 Nf6 5. Bf4 c5 6. dxc5 Bxc5 7. Qe2+ Be6 8.
Nf3 O-O 9. O-O Re8 10. Qd1 Bg4 11. h3 Bxf3 12. Qxf3 Nc6 13. Bg5 Nd4 14. Qf4 Ne6
15. Qf5 Nxg5 16. Qxg5 Qb6 17. Qc1 Re5 18. Nc3 Rae8 19. Na4 Qb4 20. Nxc5 Qxc5
21. Qf4 Qb6 22. b3 a6 23. a4 Qc5 24. Rad1 R5e6 25. Kh1 Ne4 26. f3 Nf2+ 27. Rxf2
Qxf2 28. Qf5 Re1+ 29. Rxe1 Qxe1+ 30. Kh2 Qe5+ 31. Qxe5 Rxe5 32. Kg3 g6 33. Kf2
Kf8 34. f4 Re8 35. Be2 Rc8 36. Bd3 d4 37. a5 Rc3 38. Ke2 Ke7 39. f5 Kf6 40.
fxg6 fxg6 41. h4 Ke5 42. Kf3 Rc5 43. b4 Rc7 44. Kg4 Rc6 45. Kg5 Rf6 46. Kh6 Rf7
47. g4 Rf4 48. Kg5 h6+ 49. Kxg6 Rxg4+ 50. Kh5 Rf4 51. Be2 d3 52. cxd3 Rxb4 53.
Bf3 b6 54. axb6 Rxb6 55. Kg4 a5 56. Bd1 Rb4+ 57. Kh5 57... a4 {
toothfairy resigns} 0-1

[Event "ICS rated blitz match"]
[Site "204.178.125.65"]
[Date "1999.09.24"]
[Round "?"]
[White "toothfairy"]
[Black "Hossa"]
[Result "0-1"]
[WhiteElo "2040"]
[BlackElo "2413"]
[PlyCount "86"]
[EventDate "1999.??.??"]

1. e4 c5 2. c4 Nc6 3. Ne2 e5 4. Ng3 Nf6 5. Be2 Be7 6. O-O O-O 7. d3 d6 8. Nc3
Be6 9. Be3 Nd4 10. Nd5 Nxd5 11. cxd5 Bd7 12. Bxd4 cxd4 13. Bg4 Rc8 14. Bxd7
Qxd7 15. Qb3 Bg5 16. Ne2 f6 17. f4 Bh6 18. fxe5 Be3+ 19. Kh1 fxe5 20. Ng3 Rxf1+
21. Rxf1 Rc1 22. Rxc1 Bxc1 23. Qc2 Bg5 24. b3 a6 25. h3 g6 26. a4 Bf4 27. Ne2
Be3 28. b4 Qf7 29. Qc8+ Kg7 30. Qc2 Qf1+ 31. Kh2 Qe1 32. b5 Bd2 33. Ng1 Bf4+
34. g3 Qxg3+ 35. Kh1 axb5 36. axb5 Be3 37. Qg2 Qe1 38. Kh2 Bxg1+ 39. Qxg1 Qd2+
40. Kh1 Qxd3 41. Qg4 Qxb5 42. h4 Qf1+ 43. Kh2 43... Qf4+ {toothfairy resigns}
0-1

[Event "ICS rated blitz match"]
[Site "204.178.125.65"]
[Date "1999.09.14"]
[Round "?"]
[White "toothfairy"]
[Black "Hossa"]
[Result "0-1"]
[WhiteElo "2072"]
[BlackElo "2331"]
[PlyCount "80"]
[EventDate "1999.??.??"]

1. e4 c5 2. c4 Nc6 3. Ne2 e5 4. Ng3 Nf6 5. Be2 Be7 6. Nc3 O-O 7. Nd5 Nxd5 8.
cxd5 Nd4 9. Bg4 d6 10. Bxc8 Qxc8 11. d3 f5 12. Be3 f4 13. Bxd4 fxg3 14. Be3 c4
15. Rc1 Qd8 16. hxg3 cxd3 17. O-O Qa5 18. a3 Qb5 19. b4 a5 20. bxa5 Rxa5 21.
Rc3 Ra4 22. f3 Rfa8 23. Qxd3 Qxd3 24. Rxd3 Rxa3 25. Rfd1 Kf7 26. Kf2 Rxd3 27.
Rxd3 Ra2+ 28. Rd2 Rxd2+ 29. Bxd2 Bd8 30. Ke2 Bb6 31. Be1 Ke7 32. Kd3 Bd4 33.
Kc4 Be3 34. Kb5 Kd7 35. Ba5 Bf2 36. g4 Bd4 37. Bb6 Bc3 38. Bf2 Kc8 39. Kb6 Bd4+
40. Bxd4 40... exd4 {toothfairy resigns} 0-1

[Event "ICS rated blitz match"]
[Site "204.178.125.65"]
[Date "1999.09.13"]
[Round "?"]
[White "toothfairy"]
[Black "Hossa"]
[Result "0-1"]
[WhiteElo "2083"]
[BlackElo "2388"]
[PlyCount "48"]
[EventDate "1999.??.??"]

1. e4 e5 2. Nf3 Nc6 3. Bc4 Nf6 4. Ng5 d5 5. exd5 Nxd5 6. d4 exd4 7. Qf3 Be6 8.
O-O Be7 9. Nxe6 fxe6 10. Re1 Qd7 11. c3 O-O-O 12. Bd2 Bc5 13. Qg4 Rhf8 14. b4
Bb6 15. Rf1 Ne5 16. Qe2 Nxc4 17. Qxc4 Ne3 18. Bxe3 dxe3 19. Na3 Rxf2 20. Kh1
Rd2 21. Qe4 e2 22. Rfe1 Bf2 23. Nc4 Rd1 24. Qxe2 24... Bxe1 {toothfairy resigns
} 0-1

[Event "ICS rated blitz match"]
[Site "204.178.125.65"]
[Date "1999.09.24"]
[Round "?"]
[White "toothfairy"]
[Black "Hossa"]
[Result "0-1"]
[WhiteElo "2047"]
[BlackElo "2406"]
[PlyCount "22"]
[EventDate "1999.??.??"]

1. e4 c5 2. c4 Nc6 3. Ne2 e5 4. Ng3 Nf6 5. Nc3 Be7 6. Be2 O-O 7. d3 d6 8. Bg5
Nxe4 9. dxe4 Bxg5 10. Bg4 Be6 11. O-O 11... Bxc4 {toothfairy resigns} 0-1

[Event "ICS rated blitz match"]
[Site "204.178.125.65"]
[Date "1999.09.16"]
[Round "?"]
[White "toothfairy"]
[Black "Hossa"]
[Result "0-1"]
[WhiteElo "2113"]
[BlackElo "2462"]
[PlyCount "64"]
[EventDate "1999.??.??"]

1. e4 e6 2. d4 d5 3. exd5 exd5 4. Bd3 c5 5. dxc5 Bxc5 6. h3 Ne7 7. Qf3 Nbc6 8.
Ne2 O-O 9. O-O Re8 10. Nbc3 Nd4 11. Nxd4 Bxd4 12. Ne2 Bb6 13. c3 Bf5 14. Bb5
Be4 15. Qg4 Nc6 16. Bxc6 bxc6 17. Ng3 Bg6 18. Bf4 Qe7 19. Rad1 Kh8 20. Bc1 Rad8
21. Kh1 a6 22. Rd2 Qc5 23. Qd1 Bb1 24. a3 Qc4 25. Re1 Ba2 26. Rde2 Rxe2 27.
Rxe2 Bb3 28. Qe1 Rf8 29. Re8 Bc5 30. Rxf8+ Bxf8 31. Qe8 Kg8 32. Bf4 32... Qxf4
{toothfairy resigns} 0-1

[Event "ICS rated blitz match"]
[Site "204.178.125.65"]
[Date "1999.09.12"]
[Round "?"]
[White "toothfairy"]
[Black "Hossa"]
[Result "0-1"]
[WhiteElo "2117"]
[BlackElo "2482"]
[PlyCount "56"]
[EventDate "1999.??.??"]

1. e4 e5 2. Nf3 Nc6 3. Bc4 Nf6 4. Ng5 d5 5. exd5 Nxd5 6. d4 exd4 7. Qf3 Be6 8.
O-O Be7 9. Nxe6 fxe6 10. Re1 Qd7 11. Qg4 Kf7 12. Nd2 Rhe8 13. Nf3 Bc5 14. Ng5+
Kg8 15. Rxe6 Ncb4 16. Bb3 Rxe6 17. Nxe6 Re8 18. Bd2 Rxe6 19. Bxb4 b6 20. Bxc5
bxc5 21. Qf3 c6 22. h3 Re5 23. Rd1 Qe6 24. Kh2 Re2 25. c3 Rxb2 26. cxd4 cxd4
27. Bxd5 Qxd5 28. Rxd4 28... Qxd4 {toothfairy resigns} 0-1

[Event "ICS rated blitz match"]
[Site "204.178.125.65"]
[Date "1999.09.12"]
[Round "?"]
[White "toothfairy"]
[Black "Hossa"]
[Result "0-1"]
[WhiteElo "2111"]
[BlackElo "2488"]
[PlyCount "82"]
[EventDate "1999.??.??"]

1. e4 e5 2. Nf3 Nc6 3. Bc4 Nf6 4. Ng5 d5 5. exd5 Nxd5 6. d4 exd4 7. O-O f6 8.
Re1+ Be7 9. Ne6 Bxe6 10. Rxe6 Ne5 11. Rxe5 fxe5 12. Qh5+ Kf8 13. Qxe5 Nb6 14.
Be6 Bf6 15. Qf5 Rb8 16. Nd2 g6 17. Qf4 Qe7 18. Bb3 Qe5 19. Qf3 Kg7 20. Nf1 Rhf8
21. Qh3 Bg5 22. Bxg5 Qxg5 23. c3 Qf4 24. f3 Rbe8 25. Rd1 c5 26. cxd4 cxd4 27.
Ng3 Qe3+ 28. Kh1 Rf4 29. Ne4 Rfxe4 30. fxe4 Qxh3 31. gxh3 Rxe4 32. Rd2 Kf6 33.
Kg2 Ke5 34. Bc2 Re3 35. Bb3 Nd5 36. Bxd5 Kxd5 37. h4 Ke4 38. Rf2 d3 39. Rf7 d2
40. Re7+ Kd3 41. Rd7+ 41... Ke2 {toothfairy resigns} 0-1

[Event "ICS rated blitz match"]
[Site "204.178.125.65"]
[Date "1999.09.01"]
[Round "?"]
[White "topolino"]
[Black "Hossa"]
[Result "1/2-1/2"]
[WhiteElo "2468"]
[BlackElo "2516"]
[PlyCount "212"]
[EventDate "1999.??.??"]

1. d4 f5 2. e4 fxe4 3. Nc3 Nf6 4. f3 d5 5. fxe4 dxe4 6. Bg5 Bf5 7. Bc4 h6 8.
Bxf6 exf6 9. Nge2 Bb4 10. Ng3 Qd7 11. Qe2 Nc6 12. O-O-O Bxc3 13. bxc3 O-O-O 14.
d5 Ne7 15. Bb5 Qd6 16. Nxf5 Qa3+ 17. Kb1 Nxf5 18. Qg4 g6 19. Qxe4 Qxc3 20. Rd3
Qe5 21. Qxe5 fxe5 22. Re1 Nd6 23. Rb3 Nxb5 24. Rxb5 a6 25. Ra5 Rhe8 26. c4 Rd6
27. Kc2 e4 28. Kc3 Rf6 29. Re2 Rf1 30. Ra3 Re7 31. Rb3 g5 32. Kd4 Rd1+ 33. Ke3
b6 34. Rf2 Rc1 35. Kd4 Kd7 36. Rh3 Re1 37. Rc2 Rd1+ 38. Kc3 a5 39. Rd2 Rxd2 40.
Kxd2 Re5 41. Ke3 b5 42. Kd4 Rf5 43. cxb5 Rf2 44. g3 Rxa2 45. Rxh6 Rb2 46. Kxe4
Rxb5 47. Rg6 Rb4+ 48. Ke5 g4 49. Rg7+ Kc8 50. Kf5 a4 51. Rg8+ Kb7 52. Rg7 Kb6
53. Rg8 Kc5 54. Rc8 Kd6 55. Rd8+ Ke7 56. Ra8 Rc4 57. Ke5 Kd7 58. Rg8 a3 59. Ra8
Rc2 60. Rxa3 Rxh2 61. Re3 Rh5+ 62. Kd4 Rh8 63. Rc3 Rf8 64. Ke4 Rf2 65. Ra3 Rf1
66. Rc3 Rf7 67. Kd3 Kd6 68. Kd4 Rf1 69. Rc6+ Kd7 70. Rg6 Rd1+ 71. Ke5 Re1+ 72.
Kf4 Rd1 73. Ke4 Re1+ 74. Kd3 Rd1+ 75. Ke4 Re1+ 76. Kf4 Rd1 77. Ke5 Re1+ 78. Kf5
Rd1 79. Rxg4 Rxd5+ 80. Ke4 Ra5 81. Rg7+ Kc6 82. g4 Rb5 83. g5 Kd6 84. g6 Rg5
85. Kf4 Rg2 86. Kf5 Rf2+ 87. Kg4 Rg2+ 88. Kf5 Rf2+ 89. Ke4 Re2+ 90. Kf4 Rg2 91.
Ke3 Rg4 92. Kf3 Rg1 93. Kf2 Rg5 94. Ke3 c6 95. Kf4 Rg2 96. Kf5 Rf2+ 97. Ke4 Rf6
98. Rg8 Ke7 99. Ke5 Re6+ 100. Kf5 Rf6+ 101. Kg5 Rf8 102. Rxf8 Kxf8 103. Kf6 c5
104. Ke5 c4 105. Kd4 Kg7 106. Kxc4 106... Kxg6 {
Game drawn because neither player has mating material} 1/2-1/2

[Event "ICS rated blitz match"]
[Site "204.178.125.65"]
[Date "1999.10.14"]
[Round "?"]
[White "topq"]
[Black "Hossa"]
[Result "0-1"]
[WhiteElo "2201"]
[BlackElo "2345"]
[PlyCount "100"]
[EventDate "1999.??.??"]

1. e4 e5 2. Nc3 Bc5 3. Nf3 d6 4. Bc4 Be6 5. Bb3 Nc6 6. d3 Nf6 7. Be3 Bxb3 8.
axb3 Nd7 9. Qd2 O-O 10. h4 f5 11. h5 fxe4 12. Nxe4 Bxe3 13. Qxe3 d5 14. Neg5
Qf6 15. O-O-O h6 16. Nh3 Qf5 17. g4 Qxf3 18. g5 Qxh5 19. gxh6 Qxh6 20. Ng5 Qg6
21. Rh3 Nb4 22. Rdh1 Nxd3+ 23. cxd3 Qc6+ 24. Kb1 g6 25. Ne6 Qxe6 26. Qh6 Kf7
27. Rf3+ Ke7 28. Qg7+ Kd6 29. Re3 Rxf2 30. Rg1 Rg8 31. Qh6 g5 32. Qh3 Qxh3 33.
Rxh3 g4 34. Rh6+ Nf6 35. Kc1 c5 36. Rh4 a5 37. Rhh1 g3 38. Kd1 Rxb2 39. Kc1
Rxb3 40. Kc2 Rb4 41. Rh3 e4 42. Rhxg3 exd3+ 43. Kxd3 Rxg3+ 44. Rxg3 Rb3+ 45.
Kc2 Rxg3 46. Kd2 Ke5 47. Kc2 Ke4 48. Kd2 Rg2+ 49. Kc1 Kd3 50. Kd1 50... Rg1# {
topq checkmated} 0-1

[Event "ICS rated blitz match"]
[Site "204.178.125.65"]
[Date "1999.10.14"]
[Round "?"]
[White "topq"]
[Black "Hossa"]
[Result "0-1"]
[WhiteElo "2128"]
[BlackElo "2335"]
[PlyCount "104"]
[EventDate "1999.??.??"]

1. Nc3 d5 2. e4 d4 3. Nce2 Nc6 4. Nf3 e5 5. Ng3 Bd6 6. Bc4 Nf6 7. O-O O-O 8. a4
Be6 9. Bxe6 fxe6 10. d3 Qe8 11. c3 Rb8 12. Qb3 Nd7 13. Bd2 Qg6 14. a5 Bc5 15.
a6 bxa6 16. Qc2 Rb6 17. c4 Qg4 18. h3 Qg6 19. Ra4 Bb4 20. Bxb4 Nxb4 21. Qd2 c5
22. Qg5 Qxg5 23. Nxg5 Nxd3 24. Ra2 h6 25. Nf3 Nxb2 26. Rc1 Rfb8 27. Ne2 Kf7 28.
Ne1 d3 29. Nxd3 Nxd3 30. Rd1 Rb1 31. Rxb1 Rxb1+ 32. Kh2 Rb7 33. Rd2 Nb2 34. Rc2
Rb4 35. f4 Nxc4 36. f5 exf5 37. exf5 a5 38. Nc3 Ndb6 39. Ne4 Ne3 40. Rxc5 Rxe4
41. Rxa5 Nxf5 42. Rxa7+ Ne7 43. Ra6 Nc4 44. Rc6 Nxc6 45. Kg3 Rf4 46. h4 Ne3 47.
Kh3 Kf6 48. g3 Rf3 49. Kh2 Rf2+ 50. Kh3 h5 51. g4 hxg4+ 52. Kg3 52... Rg2# {
topq checkmated} 0-1

[Event "ICS rated blitz match"]
[Site "204.178.125.65"]
[Date "1999.09.26"]
[Round "?"]
[White "triatlon"]
[Black "Hossa"]
[Result "1/2-1/2"]
[WhiteElo "2268"]
[BlackElo "2398"]
[PlyCount "270"]
[EventDate "1999.??.??"]

1. e4 e6 2. d4 d5 3. Nc3 dxe4 4. Nxe4 Nd7 5. Nf3 Ngf6 6. Bg5 Be7 7. Bxf6 Nxf6
8. Nxf6+ Bxf6 9. c3 O-O 10. Bd3 b6 11. Be4 Rb8 12. O-O c5 13. dxc5 Qxd1 14.
Rfxd1 bxc5 15. Rd2 Ba6 16. Rad1 Rfd8 17. Rxd8+ Rxd8 18. Rxd8+ Bxd8 19. b3 Bf6
20. c4 g5 21. h3 h5 22. Kf1 g4 23. hxg4 hxg4 24. Ne1 g3 25. fxg3 Be5 26. g4 f6
27. Nd3 Bd6 28. Ke2 Kg7 29. Kf3 Bc8 30. Nf4 Bd7 31. Ne2 Be5 32. Nf4 a5 33. Nd3
Bd6 34. Nb2 Kh6 35. g3 Be5 36. Nd3 Bd4 37. a3 Kg5 38. b4 axb4 39. axb4 cxb4 40.
Nxb4 Bc8 41. Nd3 Ba6 42. c5 Bxd3 43. Bxd3 Bxc5 44. Bc4 e5 45. Bd5 Bd4 46. Be4
Bc3 47. Bd5 Bd2 48. Be4 Be1 49. Bf5 Bc3 50. Be4 Bb4 51. Bf5 Be1 52. Be4 Ba5 53.
Bf5 Bb6 54. Be4 Bd4 55. Bf5 Bc5 56. Be4 Bd6 57. Bf5 Bc7 58. Be4 Bb6 59. Bf5 Ba7
60. Be4 Bg1 61. Bf5 Kh6 62. Be4 Ba7 63. Bf5 Bc5 64. Be4 Bb4 65. g5+ Kxg5 66. g4
Bc5 67. Bf5 Bb6 68. Be4 Ba7 69. Bf5 Bd4 70. Be4 Bb2 71. Bf5 Kh4 72. Be4 Bc1 73.
Bf5 Bd2 74. Be4 Kg5 75. Bf5 Bc3 76. Be4 Bd4 77. Bf5 Bb2 78. Be4 Bc1 79. Bf5 Kh4
80. Be4 Bf4 81. Bf5 Bg3 82. Be4 Be1 83. Bf5 Bc3 84. Be4 Ba1 85. Bf5 Bd4 86. Be4
Bc5 87. Bf5 Bb6 88. Be4 Bd4 89. Bf5 Bc5 90. Be4 Bb6 91. Bf5 Ba5 92. Be4 Bd2 93.
Bf5 Be1 94. Be6 Bd2 95. Bf5 Be1 96. Be4 Bc3 97. Bf5 Bb4 98. Be4 Bf8 99. Bf5 Bh6
100. Be4 Bg5 101. Bf5 Bf4 102. Be4 Kg5 103. Bf5 Bh2 104. Be4 Kh4 105. Bf5 Bg1
106. g5 Kxg5 107. Ke4 Be3 108. Be6 Bc5 109. Bf5 Bg1 110. Be6 Bb6 111. Bf5 Bc5
112. Be6 Bd4 113. Bf5 Kh4 114. Be6 Bc5 115. Bf5 Bf2 116. Be6 Kg5 117. Bf5 Bd4
118. Be6 Bb2 119. Bf5 Bc1 120. Be6 Bd2 121. Bf5 Bb4 122. Be6 Be1 123. Bf5 Bf2
124. Be6 Bg3 125. Bf5 Bh2 126. Be6 Bf4 127. Bf5 Bg3 128. Be6 Bh4 129. Bf5 Be1
130. Be6 Bb4 131. Bf5 Bd2 132. Be6 Bc1 133. Bf5 Bb2 134. Be6 Ba1 135. Bf5
135... Bc3 {Game drawn because both players ran out of time} 1/2-1/2

[Event "ICS rated blitz match"]
[Site "204.178.125.65"]
[Date "1999.10.19"]
[Round "?"]
[White "triskelon"]
[Black "Hossa"]
[Result "1-0"]
[WhiteElo "2663"]
[BlackElo "2475"]
[PlyCount "100"]
[EventDate "1999.??.??"]

1. d4 d5 2. c4 e6 3. Nc3 Nf6 4. Bg5 Nbd7 5. e3 c6 6. Nf3 Qa5 7. cxd5 Nxd5 8.
Qd2 Bb4 9. Rc1 f6 10. Bh4 c5 11. Bd3 cxd4 12. Nxd4 Ne5 13. Bb5+ Kf7 14. O-O a6
15. Be2 Ng6 16. Bg3 Qxa2 17. Nxa2 Bxd2 18. Rc5 b6 19. Rxd5 exd5 20. Rd1 Ba5 21.
b4 Ne7 22. bxa5 bxa5 23. Nc3 Bd7 24. Bf3 Rhe8 25. Nxd5 Ra7 26. Nxe7 Kxe7 27.
Rb1 a4 28. Bb8 Rxb8 29. Rxb8 a5 30. Kf1 Ra6 31. Rb7 Ke8 32. Be2 Ra8 33. Bb5
Bxb5+ 34. Nxb5 Rd8 35. Rxg7 Rd1+ 36. Ke2 Rd7 37. Rg4 a3 38. Ra4 Rg7 39. g3 Rg5
40. Rxa5 a2 41. Ra8+ Kf7 42. Nd4 Rh5 43. h4 Rc5 44. g4 Ke7 45. Rxa2 Kf7 46.
Ra7+ Kg8 47. f4 Rd5 48. Nf5 Rc5 49. Nh6+ Kh8 50. Nf7+ 50... Kg8 {Hossa resigns}
1-0

[Event "ICS rated blitz match"]
[Site "204.178.125.65"]
[Date "1999.10.15"]
[Round "?"]
[White "triskelon"]
[Black "Hossa"]
[Result "1-0"]
[WhiteElo "2365"]
[BlackElo "2349"]
[PlyCount "84"]
[EventDate "1999.??.??"]

1. e4 c6 2. d4 d5 3. exd5 cxd5 4. c4 Nf6 5. Nc3 e6 6. Nf3 Be7 7. cxd5 exd5 8.
Bd3 Nc6 9. h3 O-O 10. O-O Nb4 11. Re1 Nxd3 12. Qxd3 Re8 13. Bf4 a5 14. Nb5 Bb4
15. Rec1 Rf8 16. Nc7 Ra7 17. Be5 Ne4 18. a3 Be7 19. Qb3 Bh4 20. Nxh4 Qxh4 21.
Rc2 a4 22. Qb6 Ra6 23. Nxa6 bxa6 24. Qc6 Be6 25. Qxa6 Bd7 26. Qa5 Nf6 27. Rc7
Bxh3 28. gxh3 Ne4 29. Rc2 Ng5 30. Qxd5 Nxh3+ 31. Kf1 Ng5 32. Qg2 f6 33. Qd5+
Nf7 34. Bg3 Qh3+ 35. Kg1 Rd8 36. Re1 g6 37. Qc6 Rxd4 38. Qe8+ Kg7 39. Rc7 Kh6
40. Rxf7 Qg4 41. Qf8+ Kg5 42. Re5+ 42... Qf5 {Hossa resigns} 1-0

[Event "ICS rated blitz match"]
[Site "204.178.125.65"]
[Date "1999.09.15"]
[Round "?"]
[White "tryany1"]
[Black "Hossa"]
[Result "0-1"]
[WhiteElo "2032"]
[BlackElo "2408"]
[PlyCount "54"]
[EventDate "1999.??.??"]

1. d4 Nf6 2. c4 e6 3. a3 Be7 4. d5 exd5 5. cxd5 Na6 6. Nc3 O-O 7. e4 Nc5 8. f3
a5 9. Be3 Re8 10. Nge2 d6 11. Bxc5 dxc5 12. a4 Ra6 13. Nf4 Rd6 14. Be2 Rb6 15.
Rb1 Bd6 16. Qd2 Nh5 17. Nxh5 Qh4+ 18. Kd1 Qxh5 19. h4 c6 20. f4 Qg6 21. h5 Qg3
22. e5 Bf5 23. Ra1 Rb4 24. Qe1 Rd4+ 25. Qd2 Rxd2+ 26. Kxd2 Qxf4+ 27. Kd1 27...
Bxe5 {tryany1 resigns} 0-1

[Event "ICS rated blitz match"]
[Site "204.178.125.65"]
[Date "1999.10.14"]
[Round "?"]
[White "tryany1"]
[Black "Hossa"]
[Result "0-1"]
[WhiteElo "2038"]
[BlackElo "2330"]
[PlyCount "44"]
[EventDate "1999.??.??"]

1. d4 Nf6 2. c4 e6 3. Nc3 Bb4 4. Qc2 O-O 5. e3 d5 6. a3 Be7 7. cxd5 exd5 8. b4
a5 9. b5 Bg4 10. h3 Bh5 11. Bd3 Bg6 12. Bxg6 fxg6 13. Nf3 Bd6 14. O-O Be7 15.
Qa2 Kh8 16. Ne5 Nbd7 17. f4 Nb6 18. Bd2 Qe8 19. a4 Bb4 20. Rac1 Qe7 21. Nb1 Ne4
22. Bxb4 22... axb4 {tryany1 resigns} 0-1

[Event "ICS rated blitz match"]
[Site "204.178.125.65"]
[Date "1999.10.01"]
[Round "?"]
[White "ulun"]
[Black "Hossa"]
[Result "0-1"]
[WhiteElo "2300"]
[BlackElo "2335"]
[PlyCount "46"]
[EventDate "1999.??.??"]

1. e4 e5 2. Nf3 Nc6 3. Nc3 Bb4 4. Nd5 Nf6 5. c3 Be7 6. Nxe7 Qxe7 7. d3 O-O 8.
Be2 d5 9. Qc2 dxe4 10. dxe4 Bg4 11. O-O Rad8 12. Bg5 Qe6 13. a4 Bxf3 14. Bxf3
Rd6 15. b4 Qc4 16. Bxf6 Nd4 17. Qd1 Nxf3+ 18. Qxf3 Rxf6 19. Qg3 Rf4 20. Rad1
Rxe4 21. Rd7 Qc6 22. Qf3 f5 23. Rfd1 23... Qxd7 {ulun resigns} 0-1

[Event "ICS rated blitz match"]
[Site "204.178.125.65"]
[Date "1999.08.30"]
[Round "?"]
[White "ulun"]
[Black "Hossa"]
[Result "0-1"]
[WhiteElo "2061"]
[BlackElo "2464"]
[PlyCount "39"]
[EventDate "1999.??.??"]

1. e4 e5 2. Nf3 Nf6 3. Nc3 Bb4 4. Nxe5 d6 5. Nd3 Bxc3 6. dxc3 Nxe4 7. Qe2 O-O
8. Be3 Nc6 9. O-O-O Re8 10. f3 Nf6 11. Qd2 Nd5 12. Bf2 Rb8 13. c4 Nf6 14. Bh4
b5 15. cxb5 Rxb5 16. Nf4 Rb4 17. a3 Rd4 18. Bxf6 Qxf6 19. Nd5 Qe5 20. f4 {
ulun resigns} 0-1

[Event "ICS rated blitz match"]
[Site "204.178.125.65"]
[Date "1999.08.28"]
[Round "?"]
[White "ulun"]
[Black "Hossa"]
[Result "0-1"]
[WhiteElo "2028"]
[BlackElo "2513"]
[PlyCount "56"]
[EventDate "1999.??.??"]

1. e4 e5 2. Nf3 d6 3. Nc3 Nd7 4. d4 Be7 5. Bc4 Ngf6 6. O-O O-O 7. Qe2 c5 8.
dxc5 Nxc5 9. Bg5 Bg4 10. Bxf6 Bxf6 11. h3 Bxf3 12. Qxf3 Bg5 13. Nd5 Rc8 14. Qe2
Kh8 15. c3 f5 16. f3 Bh4 17. Bb3 Bg3 18. Rad1 Qh4 19. exf5 Rxf5 20. Ne3 Rf4 21.
Rxd6 e4 22. Rd4 Re8 23. Ng4 e3 24. Bd1 Qg5 25. Rxf4 Bxf4 26. b4 Na6 27. a3 h5
28. Nh2 28... Qg3 {ulun resigns} 0-1

[Event "ICS rated blitz match"]
[Site "204.178.125.65"]
[Date "1999.09.27"]
[Round "?"]
[White "vitsi"]
[Black "Hossa"]
[Result "0-1"]
[WhiteElo "2226"]
[BlackElo "2429"]
[PlyCount "50"]
[EventDate "1999.??.??"]

1. e4 d5 2. exd5 c6 3. dxc6 Nxc6 4. Nf3 e5 5. Bc4 e4 6. Qe2 Qe7 7. Ng1 Nd4 8.
Qd1 Qg5 9. Kf1 Bg4 10. Be2 Nxe2 11. Nxe2 O-O-O 12. Nbc3 Qf5 13. h3 e3 14. Qe1
exf2 15. Qxf2 Bc5 16. Qxf5+ Bxf5 17. d3 Ne7 18. g4 Bd7 19. Ng3 Bc6 20. Nce4 Bd4
21. Rh2 h5 22. gxh5 Bxe4 23. Nxe4 Rxh5 24. c3 Be5 25. d4 25... Bxh2 {
vitsi resigns} 0-1

[Event "ICS rated blitz match"]
[Site "204.178.125.65"]
[Date "1999.09.25"]
[Round "?"]
[White "vitsi"]
[Black "Hossa"]
[Result "0-1"]
[WhiteElo "2184"]
[BlackElo "2494"]
[PlyCount "56"]
[EventDate "1999.??.??"]

1. e4 d5 2. e5 c5 3. f4 Nc6 4. Nf3 Bg4 5. h3 Bxf3 6. Qxf3 Nd4 7. Qd1 e6 8. g3
Ne7 9. c3 Ndc6 10. Bg2 Nf5 11. Qf3 Be7 12. d3 Nxg3 13. Rg1 Nf5 14. Be3 O-O 15.
Bf2 Qb6 16. b3 f6 17. Nd2 fxe5 18. O-O-O Qa6 19. Kb1 Nh4 20. Bxh4 Bxh4 21. f5
Rxf5 22. Qg4 Bf6 23. Bf1 Qa5 24. Nf3 Qxc3 25. Nh4 e4 26. d4 Nxd4 27. Nxf5 Qc2+
28. Ka1 28... Nxb3# {vitsi checkmated} 0-1

[Event "ICS rated blitz match"]
[Site "204.178.125.65"]
[Date "1999.09.25"]
[Round "?"]
[White "vitsi"]
[Black "Hossa"]
[Result "0-1"]
[WhiteElo "2136"]
[BlackElo "2488"]
[PlyCount "114"]
[EventDate "1999.??.??"]

1. e4 Nc6 2. Nf3 d5 3. e5 Bf5 4. d4 e6 5. c3 Nge7 6. Bd3 Bxd3 7. Qxd3 f6 8. O-O
fxe5 9. Nxe5 Nxe5 10. dxe5 Nc6 11. Qg3 g6 12. Bg5 Be7 13. f4 Rf8 14. Nd2 Bxg5
15. fxg5 Rxf1+ 16. Rxf1 Qe7 17. Rf6 O-O-O 18. Nb3 Re8 19. h4 Kb8 20. Qf4 Nd8
21. c4 Qb4 22. c5 Qe1+ 23. Kh2 Qb1 24. Rf8 Rxf8 25. Qxf8 Kc8 26. Nd4 Qxb2 27.
Nxe6 Qxe5+ 28. Nf4 c6 29. g3 b6 30. cxb6 axb6 31. Qa3 Kc7 32. Qa7+ Nb7 33. a4
Qf5 34. Qa8 Qc8 35. Qa6 Nc5 36. Qe2 Nxa4 37. Qe7+ Qd7 38. Ne6+ Kc8 39. Qxd7+
Kxd7 40. Nf8+ Ke7 41. Nxh7 d4 42. Nf6 d3 43. Ne4 b5 44. g4 Nc5 45. Nd2 b4 46.
h5 b3 47. h6 Kf8 48. Kg3 b2 49. Kf4 Nb3 50. Nb1 d2 51. Nxd2 Nxd2 52. Ke5 b1=Q
53. Kd6 Qb5 54. Kc7 Ke7 55. h7 Nc4 56. h8=Q Qb6+ 57. Kc8 57... Nd6# {
vitsi checkmated} 0-1

[Event "ICS rated blitz match"]
[Site "204.178.125.65"]
[Date "1999.09.25"]
[Round "?"]
[White "vitsi"]
[Black "Hossa"]
[Result "0-1"]
[WhiteElo "2128"]
[BlackElo "2496"]
[PlyCount "40"]
[EventDate "1999.??.??"]

1. e4 Nc6 2. d4 d5 3. e5 Bf5 4. c3 f6 5. exf6 gxf6 6. f4 e5 7. fxe5 fxe5 8.
Qh5+ Bg6 9. Qe2 Bg7 10. Nf3 e4 11. Bg5 Bf6 12. Bxf6 Nxf6 13. Nbd2 Bh5 14. Qe3
O-O 15. Ne5 Nxe5 16. dxe5 Ng4 17. Qg3 Qg5 18. Be2 Rf2 19. Nf3 exf3 20. gxf3
20... Qe3 {vitsi resigns} 0-1